00382nam a2200145Ia 4500008004100000020001500041041001200056082001600068100001900084245006000103260003500163300000800198650001400206700001600220221030s9999 xx 000 0 und d a8178087510 aEnglish a105.23bSch aD. C. Schmidt 0aC++ Network Programmingcby D. C. Schmidt, S.D. Huston bPearson EducationaDelhic2004 a305 aComputers aS.D. Huston